Statistics for The Weeknd's Longest Songs

Click here to take the quiz!

General Stats

  • This quiz has been taken 674 times
  • The average score is 15 of 32

Answer Stats

TimeAnswer% Correct
6:01After Hours
78%
6:45House of Balloons / Glass Table Girls
78%
7:35Kissland
77%
7:39The Party & The After Party
70%
7:23XO / The Host
66%
7:24Tears In The Rain
60%
5:23Wicked Games
58%
5:12The Morning
56%
6:03Loft Music
55%
5:40The Knowing
54%
8:06Gone
51%
6:08Professional
51%
6:58The Zone
50%
5:07The Town
48%
6:15Pretty
46%
5:20Thursday
46%
5:06Wanderlust
46%
6:17Angel
44%
6:00Next
44%
5:50The Birds Pt.2
44%
5:49Lonely Star
43%
5:07Belong To The World
41%
5:55Escape From LA
39%
5:53Heaven Or Las Vegas
38%
5:45The Fall
38%
5:40As You Are
33%
5:12Same Old Song
33%
5:39Take My Breath
33%
5:34Tell Your Friends
33%
5:48Acquainted
31%
5:19Till Dawn
29%
5:21All I Know
22%

Score Distribution

Percentile by Number Answered

Percent of People with Each Score

Your Score History

You have not taken this quiz